| 000 | 00631cab a2200229 4500 | ||
|---|---|---|---|
| 001 | X2458 | ||
| 008 | 090401t1995 xxu||||| |||| 00| 0 eng d | ||
| 035 | _a(Sirsi) u24381 | ||
| 041 | _aeng | ||
| 245 | _aSoS Environment v Edwards | ||
| 260 | _c1995 | ||
| 350 | _a0 | ||
| 490 |
_aProperty and Compensation Reports _v(1995) 69 P&CR 607-616(10) |
||
| 520 | _aCA 17 March 1994. | ||
| 650 | _aMOTORWAY SERVICE AREAS | ||
| 650 | _aPLANNING PERMISSION | ||
| 650 | _aROAD IMPROVEMENTS | ||
| 650 | _aTOWN AND COUNTRY PLANNING ACT 1990 S288 | ||
| 690 | _aPLANNING LAW AND PRACTICE-CASE LAW | ||
| 942 | _n0 | ||
| 948 | _c04/03/1997 | ||
| 999 |
_c16350 _d16350 |
||